[Event "Solingen op-B"]
[Site "Solingen"]
[Date "2005.05.29"]
[Round "6"]
[White "Cherednichek, Nikita"]
[Black "Borgmann, Peter"]
[Result "1/2-1/2"]
[WhiteElo "1741"]
[BlackElo "1934"]
[PlyCount "86"]
[EventDate "2005.05.26"]
[EventType "swiss"]
[EventRounds "7"]
[EventCountry "GER"]
[SourceTitle "EXT 2006"]
[Source "ChessBase"]
[SourceDate "2005.11.24"]
[SourceVersion "1"]
[SourceVersionDate "2005.11.24"]
[SourceQuality "1"]

1. d4 d5 2. c4 c6 3. Nf3 Nf6 4. Nc3 Bf5 5. Bg5 Nbd7 6. e3 e6 7. cxd5 exd5 8. Bd3 Bg6 9. 0-0 Be7 10. Rb1 Ne4 11. Bxe7 Qxe7 12. Bxe4 dxe4 13. Nd2 0-0 14. b4 Nf6 15. Qc2 Rac8 16. Rfc1 Rfd8 17. Ne2 Nd5 18. Qc5 Qg5 19. b5 b6 20. Qa3 c5 21. dxc5 Qe7 22. Nd4 Qf8 23. N2b3 Rc7 24. Nc6 Rdc8 25. Qb2 bxc5 26. Nxc5 h6 27. Qd4 Ne7 28. Nxe7+ Qxe7 29. Nb3 Rxc1+ 30. Rxc1 Rxc1+ 31. Nxc1 Qa3 32. Qd2 Bf5 33. Ne2 Be6 34. Nc3 Qb4 35. h3 Kh7 36. Qd4 Qa3 37. Qxe4+ g6 38. Qc2 Bc4 39. Nb1 Qb4 40. Nc3 Bxb5 41. Nxb5 Qxb5 42. Qb3 Qd7 43. f3 h5 1/2-1/2

[Event "Solingen op-B"]
[Site "Solingen"]
[Date "2005.05.28"]
[Round "5"]
[White "Rist, Kurt"]
[Black "Cherednichek, Nikita"]
[Result "0-1"]
[WhiteElo "1682"]
[BlackElo "1741"]
[PlyCount "108"]
[EventDate "2005.05.26"]
[EventType "swiss"]
[EventRounds "7"]
[EventCountry "GER"]
[SourceTitle "EXT 2006"]
[Source "ChessBase"]
[SourceDate "2005.11.24"]
[SourceVersion "1"]
[SourceVersionDate "2005.11.24"]
[SourceQuality "1"]

1. e4 e6 2. d4 d5 3. e5 c5 4. c3 Nc6 5. Nf3 Qb6 6. Bd3 cxd4 7. cxd4 Bd7 8. Nc3 Nxd4 9. 0-0 Nxf3+ 10. Qxf3 Ne7 11. a4 Nc6 12. Re1 Bc5 13. Nb5 Nb4 14. a5 Qc6 15. Nd6+ Bxd6 16. exd6 Nxd3 17. Qxd3 Qxd6 18. b3 0-0 19. Bb2 Rad8 20. Be5 Qe7 21. Qg3 f6 22. Bd6 Qf7 23. Rec1 Rc8 24. Bxf8 Qxf8 25. Qe3 a6 26. Qb6 Bc6 27. b4 Qd8 28. Qc5 d4 29. Qc4 Qd7 30. Ra3 Rd8 31. Rd1 Qd5 32. Qxd5 Rxd5 33. f3 e5 34. Kf2 Kf7 35. Ke2 Ke6 36. Kd2 Rd7 37. Ke2 f5 38. h4 e4 39. fxe4 fxe4 40. Kf2 Ke5 41. Rg3 e3+ 42. Ke1 Kf4 43. Rg5 d3 44. Ra1 d2+ 45. Ke2 Bb5+ 46. Rxb5 axb5 47. Rd1 Ke4 48. Rf1 d1Q+ 49. Rxd1 Rxd1 50. Kxd1 Kd3 51. g4 Kc3 52. Ke2 Kxb4 53. Kxe3 Kc3 54. Ke2 Kc2 0-1

[Event "Duesseldorf-ch"]
[Site "Duesseldorf"]
[Date "2004.11.17"]
[Round "6"]
[White "Bilgen, Erwin"]
[Black "Cherednichek, Nikita"]
[Result "1-0"]
[WhiteElo "1767"]
[BlackElo "1729"]
[PlyCount "69"]
[EventDate "2004.09.29"]
[EventType "swiss"]
[EventRounds "7"]
[EventCountry "GER"]
[SourceTitle "EXT 2006"]
[Source "ChessBase"]
[SourceDate "2005.11.24"]
[SourceVersion "1"]
[SourceVersionDate "2005.11.24"]
[SourceQuality "1"]

1. Nf3 Nf6 2. d4 d5 3. e3 Bg4 4. Nbd2 e6 5. Bd3 Bd6 6. 0-0 0-0 7. Qe1 Re8 8. Ne5 Bxe5 9. dxe5 Nfd7 10. f4 c5 11. Qg3 Bh5 12. b3 Bg6 13. e4 dxe4 14. Bxe4 Qc7 15. Bxg6 hxg6 16. Ne4 Rd8 17. Bb2 Nc6 18. Qh3 Ne7 19. g4 c4 20. Nf6+ gxf6 21. exf6 Qc5+ 22. Rf2 Nd5 23. a4 a5 24. Ba3 Nb4 25. g5 c3 26. Re1 Nb6 27. f5 Rd2 28. Re3 Rxf2 29. fxg6 Rf1+ 30. Kxf1 Qf5+ 31. Qxf5 exf5 32. g7 Rd8 33. Rh3 Rd1+ 34. Ke2 Rd2+ 35. Kf3 1-0

[Event "Duesseldorf-ch"]
[Site "Duesseldorf"]
[Date "2004.10.13"]
[Round "3"]
[White "Cherednichek, Nikita"]
[Black "Liu, Xiao You"]
[Result "0-1"]
[WhiteElo "1729"]
[BlackElo "1840"]
[PlyCount "118"]
[EventDate "2004.09.29"]
[EventType "swiss"]
[EventRounds "7"]
[EventCountry "GER"]
[SourceTitle "EXT 2006"]
[Source "ChessBase"]
[SourceDate "2005.11.24"]
[SourceVersion "1"]
[SourceVersionDate "2005.11.24"]
[SourceQuality "1"]

1. d4 b6 2. e4 Bb7 3. Bd3 e6 4. c4 f5 5. Nc3 Bb4 6. Qe2 Nf6 7. Bg5 Bxc3+ 8. bxc3 fxe4 9. Bxe4 Bxe4 10. Bxf6 Qxf6 11. Qxe4 0-0 12. Nf3 Nc6 13. 0-0 Qf4 14. Rfe1 Rf5 15. Qxf4 Rxf4 16. d5 Na5 17. dxe6 dxe6 18. Rxe6 Rxc4 19. Rae1 Rxc3 20. Ng5 Rf8 21. Re7 h6 22. Ne6 Rf7 23. Re8+ Kh7 24. h4 g6 25. Nf4 Nb7 26. R1e6 Nc5 27. R6e7 Kg7 28. Nd5 Rc1+ 29. Kh2 c6 30. Nb4 Nd7 31. Kg3 Rc3+ 32. f3 a5 33. Na6 Nf6 34. Rxf7+ Kxf7 35. Rc8 Nh5+ 36. Kf2 Nf4 37. Kg3 Ne2+ 38. Kf2 Nd4 39. Nb8 Rc2+ 40. Kf1 Rxa2 41. Nxc6 Nxc6 42. Rxc6 b5 43. Rc7+ Kf8 44. Ke1 Rxg2 45. Rc5 Rb2 46. Kd1 a4 47. Kc1 a3 48. Rc8+ Kf7 49. Rc7+ Kf6 50. Rc6+ Kf5 51. Rc5+ Kf4 52. Rc6 Rg2 53. Kb1 Kxf3 54. Rc3+ Kg4 55. Rxa3 Kxh4 56. Rb3 g5 57. Kc1 Re2 58. Rxb5 g4 59. Kd1 Re4 0-1

[Event "Duesseldorf-ch"]
[Site "Duesseldorf"]
[Date "2004.09.29"]
[Round "1"]
[White "Cherednichek, Nikita"]
[Black "Schmoll, Heinz"]
[Result "0-1"]
[WhiteElo "1729"]
[BlackElo "1965"]
[PlyCount "64"]
[EventDate "2004.09.29"]
[EventType "swiss"]
[EventRounds "7"]
[EventCountry "GER"]
[SourceTitle "EXT 2006"]
[Source "ChessBase"]
[SourceDate "2005.11.24"]
[SourceVersion "1"]
[SourceVersionDate "2005.11.24"]
[SourceQuality "1"]

1. d4 Nf6 2. c4 c5 3. d5 e6 4. Nc3 exd5 5. cxd5 d6 6. e4 g6 7. f4 Bg7 8. Nf3 0-0 9. Bd3 a6 10. a4 Bg4 11. 0-0 Nbd7 12. Qc2 Bxf3 13. Rxf3 Rc8 14. Bd2 c4 15. Bf1 b5 16. axb5 axb5 17. Kh1 b4 18. Nb5 b3 19. Qb1 Qb6 20. Nc3 Rfe8 21. Ra4 Ng4 22. Nd1 Qd4 23. Bc3 Qxe4 24. Qxe4 Rxe4 25. Bxg7 Kxg7 26. h3 Re1 27. hxg4 Rxd1 28. Kh2 c3 29. bxc3 b2 30. Bd3 Rxd3 31. Rb4 Rxf3 32. gxf3 Rxc3 0-1